| 000 | 01239pam a2200301 a 4500 | ||
|---|---|---|---|
| 999 |
_c129339 _d129339 |
||
| 001 | 600370 | ||
| 003 | ARRUPE | ||
| 005 | 20190401095659.0 | ||
| 008 | 910307r19911967ncu b s001 0 eng | ||
| 010 | _a 91050248 | ||
| 020 | _a080784344X (pbk. : alk. paper) | ||
| 040 |
_aDLC _cDLC _dDLC |
||
| 043 | _aa-ja--- | ||
| 050 | 0 | 0 |
_aD767.25.H6 _bL4 1991 |
| 082 | 0 | 0 |
_a940.54/25 _220 |
| 100 | 1 |
_aLifton, Robert Jay, _d1926- _945648 |
|
| 245 | 1 | 0 |
_aDeath in life : _bsurvivors of Hiroshima / _cRobert Jay Lifton. |
| 260 |
_aChapel Hill : _bUniversity of North Carolina Press, _cc1991. |
||
| 300 |
_axii, 594 p. ; _c24 cm. |
||
| 500 | _aOriginally published: New York : Random House, c1967. With new pref. | ||
| 504 | _aIncludes bibliographical references (p. 557-576) and index. | ||
| 650 | 0 |
_aNuclear warfare _xPsychological aspects. _945649 |
|
| 651 | 0 |
_aHiroshima-shi (Japan) _xHistory _yBombardment, 1945. _945650 |
|
| 906 |
_a7 _bcbc _corignew _d1 _eocip _f19 _gy-gencatlg |
||
| 942 |
_2lcc _cMONOGRAPH |
||